LEADER 01010nem 2200349 n 450 001 9910791516903321 005 20200520144314.0 035 $a(CKB)2560000000057243 035 $a(MiAaPQ)EBC3329778 035 $a(Au-PeEL)EBL3329778 035 $a(CaPaEBR)ebr10002619 035 $a(OCoLC)842701232 035 $a(EXLCZ)992560000000057243 100 $a20101210d2000 uy 101 0 $aeng 135 $aurcn||||||||| 200 04$aThe Mexican War, 1846-1848$b[electronic resource] 210 $a[S.l.] $cMaps.com$dc2000 215 $a1 online resource (1 map) 517 3 $aMexican War, 1846-1848 :$eNorth America, United States, map 606 $aMexican War, 1846-1848$vMaps 607 $aUnited States$vMaps 607 $aMexico$vMaps 615 0$aMexican War, 1846-1848 712 02$aMaps.com (Firm) 801 0$bMiAaPQ 801 1$bMiAaPQ 801 2$bMiAaPQ 906 $aBOOK 912 $a9910791516903321 996 $aThe Mexican War, 1846-1848$93864126 997 $aUNINA